| 000 | 00931nam a2200253 a 4500 | ||
|---|---|---|---|
| 001 | BRCA_8476 | ||
| 005 | 20190320210312.0 | ||
| 008 | 160216s2014----mx-a######---#000-0#spa-# | ||
| 020 | _a9786079687502 | ||
| 041 | _aspaeng | ||
| 050 | 4 | _bA54 2014 | |
| 100 | 1 |
_aÁngel Reyes, Johanna _921235 |
|
| 245 | 1 | 0 |
_aDolores Porras _blegado sin reservas. Colección Rolando Regino Porras _cJohanna Ángel Reyes, Mariana Rubio de los Santos ; traducción Karla Oropeza Pinzón. |
| 260 |
_aMéxico _bACACIA 360º Publicaciones _c[2014] |
||
| 300 |
_a61 p. _bil. a color _c28 cm. |
||
| 546 | _aTexto en : español e inglés | ||
| 600 | 1 | 4 |
_aPorras, Dolores _d1937-2010 _921236 |
| 600 | 1 | 4 |
_aRegino Porras, Rolando _921237 |
| 650 | 1 | 4 |
_aCerámica _zSanta María Atzompa, Oaxaca _921238 |
| 650 | 1 | 4 |
_aArte popular _97800 |
| 700 | 1 |
_aRubio de los Santos, Mariana _ecoaut. _921239 |
|
| 700 | 1 |
_aOropeza Pinzón, Karla _etr. _921240 |
|
| 942 |
_2lcc _cB |
||
| 999 |
_c8143 _d8143 |
||